| 000 | 01012nam0a22002531 4500 | ||
|---|---|---|---|
| 001 | v19\rc\2030263 | ||
| 005 | 20260407002255.0 | ||
| 035 | _a(NLR Aleph) 005110231 | ||
| 090 |
_a7485327 _c7485327 |
||
| 100 | _a20080925d1916 |||y0rusy50 ca | ||
| 101 | 0 | _arus | |
| 102 | _aRU | ||
| 105 | _ay z ||||| | ||
| 200 | 1 | _aУчастие книгопродавцев и издателей в учреждении народных библиотек-читален в Томской губернии | |
| 210 |
_aТомск _cтипо-лит. Сиб. т-ва печ. дела _d[1916] |
||
| 215 |
_a7 с. _d29 |
||
| 309 | _aБез тит. л. и обл. | ||
| 712 | 0 | 2 |
_aОбщество содействия устройству сельских бесплатных библиотек-читален в Томской губ. _9482002 _3RU\NLR\AUTH\889992830 |
| 801 | 0 |
_aRU _bNLR _gpsbo |
|
| 801 | 0 |
_aRU _bRuMoRGB _2psbo |
|
| 801 | 1 |
_aRU _bProSoft-M _2rusmarc |
|
| 852 |
_aNLR _bБ _j5115/У-905 |
||
| 942 | _cBOOK | ||
| 980 | _aNB | ||